000 00454nam a2200169Ia 4500
008 180921t1999 xxu||||| |||| 00| 0 eng d
041 _aeng
080 _a681.31
_bSRI
100 _aSrisena, Kapila Jayalal
245 _aCirculation control
260 _bNational library &Documentation services board
_c1999
300 _a28p., 30 cm
650 _aAutomation
_aLibraries
942 _cBK
999 _c14744
_d14744
003 LK-CoDNM
040 _aLK-CoDNM
_dLK-CoDNM
_eLK-CoDNM